| 000 | 00665nam a2200181Ia 4500 | ||
|---|---|---|---|
| 008 | 151018s9999 xx 000 0 und d | ||
| 082 |
_bRBASDV32845 _a891.434 |
||
| 100 | _aदयानंद बहोटी | ||
| 245 | _aसाहित्य और सामाजिक क्रांती | ||
| 250 | _b2 | ||
| 260 |
_bआतिश _c2001 |
||
| 300 | _a80 | ||
| 600 | _aदयानंद बहोटी | ||
| 630 | _aसाहित्य और सामाजिक क्रांती | ||
| 700 | _aदयानंद बहोटी | ||
| 730 | _aसाहित्य और सामाजिक क्रांती | ||
| 942 | _cBOOK | ||
| 999 |
_c1032365 _d1032362 |
||